[Event "NED-ch 1988"]
[Site "Hilversum"]
[Date "1988.??.??"]
[Round "?"]
[White "Bosboom, Manuel"]
[Black "Cuijpers, Frans"]
[Result "0-1"]
[WhiteElo "2355"]
[BlackElo "2420"]
[PlyCount "108"]
[EventDate "1988.06.??"]
[Source "ChessBase"]
[SourceDate "1996.11.15"]

1. c4 Nf6 2. Nc3 e5 3. e3 Nc6 4. Nf3 Bb4 5. Qb3 Bxc3 6. Qxc3 Qe7 7. d3 O-O 8.
Be2 d5 9. cxd5 Nxd5 10. Qc2 Be6 11. a3 a5 12. b3 f6 13. O-O Qf7 14. Re1 Rad8
15. Bf1 Rd7 16. Rb1 Rfd8 17. Nd2 Nce7 18. Nc4 b6 19. Bb2 Qg6 20. Kh1 Qh5 21.
Rbc1 Ng6 22. Red1 Bg4 23. f3 Be6 24. Qf2 Qh6 25. Be2 Nde7 26. d4 exd4 27. Rxd4
Rxd4 28. exd4 Nd5 29. Re1 Bf7 30. Bc1 Qh4 31. Qxh4 Nxh4 32. Bd3 Ng6 33. g3 Nf8
34. Kg2 Ne6 35. Bf1 Nxd4 36. Nd2 Nc2 37. Re4 Nde3+ 38. Kf2 Nxf1 39. Kxf1 Rd7
40. b4 axb4 41. axb4 Bd5 42. Rf4 Kf7 43. h4 Bc6 44. Kf2 Bb5 45. Ne4 Rd1 46. Bd2
Bd3 47. Bc3 Rf1+ 48. Kg2 Ne3+ 49. Kh2 Ke6 50. Bd2 Nd5 51. Rg4 Rxf3 52. Kg2 h5
53. Ng5+ fxg5 54. Rd4 g4 0-1

[Event "NED-ch 1988"]
[Site "Hilversum"]
[Date "1988.??.??"]
[Round "?"]
[White "Bosboom, Manuel"]
[Black "Douven, Rudy"]
[Result "0-1"]
[WhiteElo "2355"]
[BlackElo "2410"]
[PlyCount "74"]
[EventDate "1988.06.??"]
[Source "ChessBase"]
[SourceDate "1996.11.15"]

1. e4 c6 2. d4 d5 3. exd5 cxd5 4. c4 Nf6 5. Nc3 e6 6. Nf3 Bb4 7. cxd5 exd5 8.
Be2 O-O 9. O-O Bxc3 10. bxc3 Ne4 11. Qb3 Nc6 12. Be3 Na5 13. Qb4 Be6 14. Rac1
Rc8 15. Rfd1 b6 16. Ba6 Rc6 17. Bb5 Rc8 18. Ba6 Rc6 19. Ne5 Rc7 20. Bf4 g5 21.
f3 Nd6 22. Bg3 Nf5 23. Bf2 f6 24. Nd3 Bc8 25. Bb5 a6 26. Ba4 Nc4 27. Re1 h5 28.
Qb1 h4 29. g4 hxg3 30. hxg3 Nd2 31. Qxb6 Nxf3+ 32. Kg2 Nxe1+ 33. Nxe1 Qd6 34.
Qb1 Ng7 35. Qg6 Bf5 36. Qh6 Be4+ 37. Kg1 Qa3 0-1

[Event "NED-ch 1988"]
[Site "Hilversum"]
[Date "1988.??.??"]
[Round "?"]
[White "Bosboom, Manuel"]
[Black "Ligterink, Gert"]
[Result "1-0"]
[WhiteElo "2355"]
[BlackElo "2455"]
[PlyCount "85"]
[EventDate "1988.06.??"]
[Source "ChessBase"]
[SourceDate "1996.11.15"]

1. e4 c5 2. Nf3 Nc6 3. d4 cxd4 4. Nxd4 Nf6 5. Nc3 e5 6. Ndb5 d6 7. Nd5 Nxd5 8.
exd5 Ne7 9. c4 Nf5 10. Bd3 Be7 11. O-O a6 12. Nc3 O-O 13. a4 a5 14. Nb5 Bd7 15.
Bxf5 Bxf5 16. b3 Bd7 17. Qe2 f5 18. Bd2 Bxb5 19. cxb5 Bf6 20. Rac1 e4 21. Rc4
Be5 22. Rfc1 Qf6 23. Rc7 Rae8 24. Rxb7 f4 25. Qg4 e3 26. Be1 f3 27. Rc2 Qh6 28.
g3 e2 29. b6 Qf6 30. h4 h5 31. Qg5 Qxg5 32. hxg5 h4 33. gxh4 Rf4 34. Rc4 Bd4
35. Kh2 Ree4 36. Rxd4 Rxd4 37. g6 Rxh4+ 38. Kg3 Rhg4+ 39. Kxf3 Rxg6 40. Rc7
Rf6+ 41. Kxe2 Rf8 42. b7 Re8+ 43. Kf1 1-0

[Event "NED-ch 1988"]
[Site "Hilversum"]
[Date "1988.??.??"]
[Round "?"]
[White "Bosboom, Manuel"]
[Black "Piket, Jeroen"]
[Result "1/2-1/2"]
[WhiteElo "2355"]
[BlackElo "2470"]
[PlyCount "92"]
[EventDate "1988.06.??"]
[Source "ChessBase"]
[SourceDate "1996.11.15"]

1. e4 c5 2. Nf3 Nc6 3. Bb5 Qc7 4. O-O a6 5. Bxc6 dxc6 6. d3 e5 7. a4 Nf6 8. Na3
Bg4 9. h3 Bh5 10. Nc4 Nd7 11. g4 Bg6 12. Nh4 O-O-O 13. f4 f6 14. a5 Bf7 15. f5
g5 16. Nf3 h5 17. Bd2 Be7 18. Qe2 Rh6 19. Kg2 Rdh8 20. Rh1 Qd8 21. Rh2 Qf8 22.
Rah1 Bd8 23. Kg1 Bc7 24. b3 Qd8 25. Qe1 Kb8 26. h4 hxg4 27. hxg5 Rxh2 28. Nxh2
fxg5 29. Nxg4 Rxh1+ 30. Kxh1 Nf6 31. Nh2 Nh5 32. Bc3 Bxc4 33. bxc4 g4 34. Qd1
Qg5 35. Bd2 Qh4 36. Qxg4 Qf2 37. Qxh5 Qxd2 38. f6 Qc1+ 39. Kg2 Qxc2+ 40. Kg3
Qxd3+ 41. Qf3 Qxc4 42. f7 Bd6 43. f8=Q+ Bxf8 44. Qxf8+ Ka7 45. Nf3 Qxe4 46.
Qxc5+ Ka8 1/2-1/2

[Event "NED-ch 1988"]
[Site "Hilversum"]
[Date "1988.??.??"]
[Round "?"]
[White "Bosboom, Manuel"]
[Black "Van der Wiel, John"]
[Result "0-1"]
[WhiteElo "2355"]
[BlackElo "2555"]
[PlyCount "90"]
[EventDate "1988.06.??"]
[Source "ChessBase"]
[SourceDate "1996.11.15"]

1. e4 c5 2. Nf3 e6 3. d4 cxd4 4. Nxd4 Nf6 5. Nc3 Nc6 6. Ndb5 d6 7. Bf4 e5 8.
Bg5 a6 9. Na3 b5 10. Bxf6 gxf6 11. Nd5 Bg7 12. Bd3 Ne7 13. Nxe7 Qxe7 14. O-O f5
15. c4 O-O 16. Qh5 Rb8 17. exf5 e4 18. Rae1 Bb7 19. Qg4 Rfe8 20. cxb5 d5 21.
bxa6 Bc6 22. a7 Rxb2 23. Rc1 Bd7 24. Bb5 h5 25. f6 hxg4 26. fxe7 Bxb5 27. Nxb5
Rxb5 28. Rc7 f5 29. Rfc1 Kf7 30. a8=Q Rxa8 31. e8=Q+ Kxe8 32. Rxg7 Rab8 33. h4
Rb1 34. Rxb1 Rxb1+ 35. Kh2 d4 36. h5 d3 37. h6 Rb6 38. h7 Rh6+ 39. Kg3 d2 40.
Rg8+ Ke7 41. Rg7+ Ke6 42. Rg6+ Rxg6 43. h8=Q d1=Q 44. Qe8+ Kf6 45. Qh8+ Rg7 0-1

[Event "NED-ch 1988"]
[Site "Hilversum"]
[Date "1988.??.??"]
[Round "?"]
[White "Bosboom, Manuel"]
[Black "Vanheste, Jeroen"]
[Result "1-0"]
[WhiteElo "2355"]
[BlackElo "2370"]
[PlyCount "63"]
[EventDate "1988.06.??"]
[Source "ChessBase"]
[SourceDate "1996.11.15"]

1. e4 c5 2. Nf3 e6 3. Nc3 d6 4. d4 cxd4 5. Nxd4 Nf6 6. Bc4 a6 7. Bb3 b5 8. Qf3
Qc7 9. O-O Be7 10. Qg3 b4 11. Na4 Nc6 12. c3 Bb7 13. Re1 Nxd4 14. cxd4 Bxe4 15.
Nc5 Bf5 16. Ba4+ Kf8 17. Bg5 Rd8 18. Rac1 Qa7 19. Nb3 a5 20. Rc6 h6 21. Bxf6
gxf6 22. Qf4 d5 23. Nc5 Bxc5 24. Rxc5 Kg7 25. Rc7 Qa6 26. Re3 Bg6 27. Bd7 Rxd7
28. Rxd7 Rc8 29. Rf3 Qe2 30. Qxf6+ Kg8 31. h4 Rf8 32. h5 1-0

[Event "NED-ch 1988"]
[Site "Hilversum"]
[Date "1988.??.??"]
[Round "?"]
[White "Brenninkmeijer, Joris"]
[Black "Bosboom, Manuel"]
[Result "1/2-1/2"]
[WhiteElo "2385"]
[BlackElo "2355"]
[PlyCount "181"]
[EventDate "1988.06.??"]
[Source "ChessBase"]
[SourceDate "1996.11.15"]

1. d4 Nf6 2. c4 g6 3. Nc3 Bg7 4. e4 d6 5. f3 Nc6 6. Nge2 a6 7. Be3 Rb8 8. Nc1
e5 9. Nb3 exd4 10. Nxd4 O-O 11. Qd2 Nxd4 12. Bxd4 Be6 13. Be2 c5 14. Be3 b5 15.
cxb5 axb5 16. Nxb5 d5 17. Bxc5 dxe4 18. Bxf8 Qxf8 19. Qd6 exf3 20. Qxf8+ Kxf8
21. gxf3 Nd5 22. Kf2 Nf4 23. a4 Bxb2 24. Rab1 Bf6 25. h4 Re8 26. Bf1 Rc8 27.
Ke3 Nd5+ 28. Kd2 Rd8 29. Ke1 Ra8 30. Bh3 Bxh4+ 31. Kf1 Bxh3+ 32. Rxh3 Rxa4 33.
Nd6 h5 34. Rh2 Be7 35. Rd2 Ne3+ 36. Ke2 Bxd6 37. Rxd6 Nf5 38. Rd7 Rf4 39. Rbb7
Nd4+ 40. Ke3 Ne6 41. Rb8+ Kg7 42. Rb6 Rf6 43. f4 h4 44. Rd2 Rf5 45. Rb4 Kh6 46.
Rf2 Kh5 47. Rb1 Ra5 48. f5 Re5+ 49. Kd2 gxf5 50. Rb8 Kg5 51. Rg2+ Kf6 52. Rh8
Re4 53. Rh6+ Ke5 54. Rg8 Rg4 55. Rgh8 Ng5 56. Ke2 h3 57. Rxh3 Nxh3 58. Rxh3 f4
59. Ra3 Rg2+ 60. Kf1 Rb2 61. Ra7 Ke4 62. Rxf7 Kf3 63. Kg1 Rb1+ 64. Kh2 Re1 65.
Ra7 Kf2 66. Ra4 f3 67. Ra2+ Re2 68. Ra1 Rb2 69. Kh3 Rc2 70. Kh2 Rd2 71. Kh3 Rd3
72. Kh2 Re3 73. Rb1 Re1 74. Rb2+ Ke3 75. Rb3+ Kf4 76. Rb4+ Re4 77. Rb8 Re1 78.
Rb4+ Ke3 79. Rb3+ Kf2 80. Rb2+ Re2 81. Rb1 Rd2 82. Ra1 Rd6 83. Ra2+ Ke3 84.
Ra3+ Rd3 85. Ra1 Kf2 86. Rb1 Rd7 87. Rb2+ Ke1 88. Kg3 f2 89. Rb1+ Ke2 90. Rb2+
Ke3 91. Rb3+ 1/2-1/2

[Event "NED-ch 1988"]
[Site "Hilversum"]
[Date "1988.??.??"]
[Round "?"]
[White "Brenninkmeijer, Joris"]
[Black "De Boer, Gert Jan"]
[Result "1-0"]
[WhiteElo "2385"]
[BlackElo "2390"]
[PlyCount "93"]
[EventDate "1988.06.??"]
[Source "ChessBase"]
[SourceDate "1996.11.15"]

1. d4 Nf6 2. c4 e6 3. Nf3 d5 4. Nc3 Be7 5. Bg5 O-O 6. Qc2 b6 7. e4 dxe4 8. Nxe4
Bb7 9. Bd3 Nxe4 10. Bxe4 Bxe4 11. Qxe4 Nd7 12. Bxe7 Qxe7 13. O-O c5 14. Rfd1
Nf6 15. Qe3 cxd4 16. Rxd4 Rfd8 17. Rad1 h6 18. Ne5 Rxd4 19. Qxd4 Rc8 20. a3 Qb7
21. b4 a6 22. h3 Qc7 23. a4 a5 24. b5 Qc5 25. Nc6 Qxd4 26. Rxd4 Kf8 27. Rd1 Ne4
28. Ne5 Nc5 29. f4 f6 30. Nc6 Nxa4 31. Rd7 Nc5 32. Ra7 e5 33. fxe5 fxe5 34.
Nxe5 Re8 35. Ng6+ Kg8 36. Ne7+ Kh7 37. Nd5 Re6 38. Rc7 a4 39. Ra7 Rd6 40. Kf2
Kg6 41. Ke3 Re6+ 42. Kd4 Rd6 43. Kc3 Kh7 44. Kb4 Nd3+ 45. Kxa4 Rg6 46. g4 Nf2
47. c5 1-0

[Event "NED-ch 1988"]
[Site "Hilversum"]
[Date "1988.??.??"]
[Round "?"]
[White "Brenninkmeijer, Joris"]
[Black "Piket, Jeroen"]
[Result "1/2-1/2"]
[WhiteElo "2385"]
[BlackElo "2470"]
[PlyCount "40"]
[EventDate "1988.06.??"]
[Source "ChessBase"]
[SourceDate "1996.11.15"]

1. d4 Nf6 2. c4 e5 3. dxe5 Ng4 4. Nf3 Bc5 5. e3 Nc6 6. Nc3 Ncxe5 7. Nxe5 Nxe5
8. Be2 O-O 9. O-O Re8 10. Ne4 Bf8 11. Ng3 d6 12. b3 Qh4 13. Qd4 Qxd4 14. exd4
Nc6 15. Bb2 Bd7 16. d5 Ne5 17. Rfe1 Re7 18. h3 Rae8 19. Bc3 f5 20. f4 Ng6
1/2-1/2

[Event "NED-ch 1988"]
[Site "Hilversum"]
[Date "1988.??.??"]
[Round "?"]
[White "Brenninkmeijer, Joris"]
[Black "Van der Sterren, Paul"]
[Result "0-1"]
[WhiteElo "2385"]
[BlackElo "2470"]
[PlyCount "68"]
[EventDate "1988.06.??"]
[Source "ChessBase"]
[SourceDate "1996.11.15"]

1. d4 d5 2. c4 dxc4 3. e4 Nf6 4. e5 Nd5 5. Bxc4 Nb6 6. Bb3 Bf5 7. Ne2 e6 8.
Nbc3 Nc6 9. Be3 Qd7 10. O-O Rd8 11. Rc1 Be7 12. Na4 O-O 13. Nxb6 cxb6 14. Ba4
f6 15. exf6 Bxf6 16. Qb3 Na5 17. Qb4 Qd5 18. Nf4 Qxa2 19. Nh5 Qd5 20. Nxf6+
Rxf6 21. f3 Rf7 22. Qc3 Qd6 23. Rfd1 h6 24. Bf2 Bg6 25. Bh4 Rdf8 26. Bg3 Qd5
27. b4 b5 28. Bxb5 Nb3 29. Rb1 Bxb1 30. Bc4 Rc8 31. Bxd5 Rxc3 32. Bxe6 Bc2 33.
Re1 Nxd4 34. Bxf7+ Kxf7 0-1

[Event "NED-ch 1988"]
[Site "Hilversum"]
[Date "1988.??.??"]
[Round "?"]
[White "Cuijpers, Frans"]
[Black "Brenninkmeijer, Joris"]
[Result "1/2-1/2"]
[WhiteElo "2420"]
[BlackElo "2385"]
[PlyCount "43"]
[EventDate "1988.06.??"]
[Source "ChessBase"]
[SourceDate "1996.11.15"]

1. e4 e6 2. d4 d5 3. Nc3 Bb4 4. e5 c5 5. a3 Bxc3+ 6. bxc3 Ne7 7. Qg4 O-O 8. Bd3
f5 9. exf6 Rxf6 10. Bg5 Rf7 11. Qh4 h6 12. Bxe7 Rxe7 13. Nf3 e5 14. dxe5 Rxe5+
15. Kd2 Qxh4 16. Nxh4 Nc6 17. Rae1 Bd7 18. f4 Rxe1 19. Rxe1 Re8 20. Rxe8+ Bxe8
21. Nf5 Bd7 22. Ne3 1/2-1/2

[Event "NED-ch 1988"]
[Site "Hilversum"]
[Date "1988.??.??"]
[Round "?"]
[White "Cuijpers, Frans"]
[Black "De Boer, Gert Jan"]
[Result "1/2-1/2"]
[WhiteElo "2420"]
[BlackElo "2390"]
[PlyCount "62"]
[EventDate "1988.06.??"]
[Source "ChessBase"]
[SourceDate "1996.11.15"]

1. e4 c5 2. Nf3 e6 3. d4 cxd4 4. Nxd4 Nf6 5. Nc3 d6 6. Be2 Be7 7. O-O O-O 8. f4
a6 9. a4 Qc7 10. Kh1 Nc6 11. Be3 Re8 12. Bf3 Bd7 13. Nb3 Na5 14. Nxa5 Qxa5 15.
Qd3 Rad8 16. Rfd1 Bc6 17. b4 Qc7 18. b5 Bd7 19. Ne2 Rc8 20. bxa6 bxa6 21. Qxa6
Ra8 22. Qd3 Rxa4 23. Rxa4 Bxa4 24. Nc3 Bc6 25. Nb5 Bxb5 26. Qxb5 Rb8 27. Qa4
Rc8 28. Rd2 Nd7 29. Qd4 Rb8 30. g3 Nb6 31. Be2 Qc6 1/2-1/2

[Event "NED-ch 1988"]
[Site "Hilversum"]
[Date "1988.??.??"]
[Round "?"]
[White "Cuijpers, Frans"]
[Black "Kuijf, Rini"]
[Result "1/2-1/2"]
[WhiteElo "2420"]
[BlackElo "2420"]
[PlyCount "31"]
[EventDate "1988.06.??"]
[Source "ChessBase"]
[SourceDate "1996.11.15"]

1. e4 c5 2. Nf3 Nc6 3. d4 cxd4 4. Nxd4 e5 5. Nb5 d6 6. c4 Be7 7. Be2 Be6 8. O-O
a6 9. N5c3 Nd4 10. Be3 Nxe2+ 11. Qxe2 Nf6 12. Nd5 Bxd5 13. exd5 O-O 14. Nc3 Nd7
15. Rac1 f5 16. f4 1/2-1/2

[Event "NED-ch 1988"]
[Site "Hilversum"]
[Date "1988.??.??"]
[Round "?"]
[White "Cuijpers, Frans"]
[Black "Pieterse, Gert"]
[Result "1/2-1/2"]
[WhiteElo "2420"]
[BlackElo "2400"]
[PlyCount "40"]
[EventDate "1988.06.??"]
[Source "ChessBase"]
[SourceDate "1996.11.15"]

1. e4 c6 2. d4 d5 3. Nc3 dxe4 4. Nxe4 Nf6 5. Nxf6+ gxf6 6. c3 Bf5 7. Nf3 e6 8.
g3 h5 9. Qe2 Bg4 10. h3 Bxf3 11. Qxf3 Qd5 12. Be2 Nd7 13. Bf4 f5 14. O-O Qxf3
15. Bxf3 Bh6 16. Bc7 Rc8 17. Bd6 Bf8 18. Bf4 Bh6 19. Bd6 Bf8 20. Bf4 Bh6
1/2-1/2

[Event "NED-ch 1988"]
[Site "Hilversum"]
[Date "1988.??.??"]
[Round "?"]
[White "Cuijpers, Frans"]
[Black "Van der Sterren, Paul"]
[Result "1/2-1/2"]
[WhiteElo "2420"]
[BlackElo "2470"]
[PlyCount "97"]
[EventDate "1988.06.??"]
[Source "ChessBase"]
[SourceDate "1996.11.15"]

1. e4 e5 2. Nf3 Nc6 3. Bb5 a6 4. Ba4 Nf6 5. O-O Be7 6. Re1 b5 7. Bb3 d6 8. c3
O-O 9. h3 Nb8 10. d4 Nbd7 11. Nbd2 Bb7 12. a4 c5 13. d5 c4 14. Bc2 Nc5 15. axb5
axb5 16. Rxa8 Qxa8 17. Nf1 Qa2 18. Ng3 Bc8 19. Be3 Qxb2 20. Bxc5 dxc5 21. Qd2
b4 22. Nxe5 b3 23. Nc6 Bd8 24. e5 Qxc2 25. Qxc2 bxc2 26. exf6 Bxf6 27. Ne4 Bb7
28. Nxf6+ gxf6 29. Rc1 Bxc6 30. dxc6 Rc8 31. Rxc2 Rxc6 32. Ra2 Re6 33. Ra4 Re1+
34. Kh2 Re4 35. f3 Re5 36. Rxc4 h5 37. Kg3 Kf8 38. Re4 Rd5 39. Kf4 Kg7 40. h4
Kg6 41. Ke3 Rd1 42. g4 f5 43. gxh5+ Kxh5 44. Rc4 Rd5 45. Ra4 f6 46. Kf2 Rd3 47.
Rc4 Rd5 48. Kg3 Re5 49. Kf2 1/2-1/2

[Event "NED-ch 1988"]
[Site "Hilversum"]
[Date "1988.??.??"]
[Round "?"]
[White "Cuijpers, Frans"]
[Black "Van der Wiel, John"]
[Result "1/2-1/2"]
[WhiteElo "2420"]
[BlackElo "2555"]
[PlyCount "48"]
[EventDate "1988.06.??"]
[Source "ChessBase"]
[SourceDate "1996.11.15"]

1. e4 c5 2. Nf3 e6 3. d4 cxd4 4. Nxd4 Nf6 5. Nc3 Nc6 6. Nxc6 bxc6 7. e5 Nd5 8.
Ne4 Qc7 9. f4 Qb6 10. Bd3 Ba6 11. Bxa6 Qxa6 12. Qe2 Qxe2+ 13. Kxe2 f5 14. Nf2
Rb8 15. Rd1 a5 16. c4 Nb4 17. Bd2 Bc5 18. Bxb4 Rxb4 19. b3 Bxf2 20. Kxf2 Ke7
21. Rd3 a4 22. Rad1 Rb7 23. b4 a3 24. Rb1 Ra8 1/2-1/2

[Event "NED-ch 1988"]
[Site "Hilversum"]
[Date "1988.??.??"]
[Round "?"]
[White "De Boer, Gert Jan"]
[Black "Bosboom, Manuel"]
[Result "1/2-1/2"]
[WhiteElo "2390"]
[BlackElo "2355"]
[PlyCount "35"]
[EventDate "1988.06.??"]
[Source "ChessBase"]
[SourceDate "1996.11.15"]

1. d4 Nf6 2. Nf3 c5 3. d5 b5 4. Bg5 d6 5. Bxf6 exf6 6. a4 b4 7. e4 g6 8. Nbd2
Nd7 9. Bd3 Bh6 10. Nc4 Ne5 11. Nfxe5 fxe5 12. h4 O-O 13. Qe2 a5 14. b3 Ra7 15.
g3 Kg7 16. f3 f5 17. Kf2 Raf7 18. Raf1 1/2-1/2

[Event "NED-ch 1988"]
[Site "Hilversum"]
[Date "1988.??.??"]
[Round "?"]
[White "De Boer, Gert Jan"]
[Black "Ligterink, Gert"]
[Result "1-0"]
[WhiteElo "2390"]
[BlackElo "2455"]
[PlyCount "77"]
[EventDate "1988.06.??"]
[Source "ChessBase"]
[SourceDate "1996.11.15"]

1. d4 g6 2. c4 Bg7 3. Nc3 d6 4. Nf3 e5 5. e4 exd4 6. Nxd4 Nc6 7. Be3 Nge7 8.
Be2 O-O 9. Qd2 f5 10. exf5 Bxd4 11. Bxd4 Nxf5 12. Be3 Nxe3 13. Qxe3 Bf5 14. O-O
Qh4 15. Rad1 Rae8 16. Qd2 Be6 17. b3 g5 18. g3 Qh3 19. Qxg5+ Kh8 20. Qh5 Re7
21. Rfe1 Ne5 22. f4 Nc6 23. Bf3 Qxh5 24. Bxh5 a6 25. Bf3 Rfe8 26. Kf2 Nb4 27.
Bh5 Bf7 28. Rxe7 Rxe7 29. Bxf7 Rxf7 30. Rd2 Kg7 31. Nd5 Nc6 32. g4 Ne5 33. Kg3
Ng6 34. Rd4 Kf8 35. Re4 a5 36. h4 c6 37. Ne3 h5 38. g5 Ne7 39. Re6 1-0

[Event "NED-ch 1988"]
[Site "Hilversum"]
[Date "1988.??.??"]
[Round "?"]
[White "De Boer, Gert Jan"]
[Black "Piket, Jeroen"]
[Result "0-1"]
[WhiteElo "2390"]
[BlackElo "2470"]
[PlyCount "120"]
[EventDate "1988.06.??"]
[Source "ChessBase"]
[SourceDate "1996.11.15"]

1. d4 Nf6 2. c4 g6 3. Nc3 Bg7 4. e4 d6 5. Nf3 O-O 6. Be2 e5 7. O-O Nbd7 8. Be3
c6 9. Qc2 Ng4 10. Bg5 f6 11. Bd2 Qe7 12. Rad1 exd4 13. Nxd4 f5 14. Nb3 Nc5 15.
Nxc5 dxc5 16. Bxg4 fxg4 17. Be3 Be6 18. b3 Be5 19. Ne2 b6 20. Rd3 Rae8 21. Qd2
Bc8 22. Re1 Bc7 23. Bf4 Qf7 24. Bxc7 Qxc7 25. Ng3 Qe5 26. Rd1 h5 27. Qh6 Qf6
28. f3 h4 29. Ne2 Re6 30. Qe3 gxf3 31. gxf3 g5 32. Kh1 Re5 33. Rg1 Kh8 34. Nc3
Be6 35. a4 Kh7 36. Nd1 g4 37. fxg4 Qf4 38. h3 Rxe4 39. Qxf4 Rfxf4 40. Re3 Rxe3
41. Nxe3 Rf3 42. Re1 Rxh3+ 43. Kg2 Rg3+ 44. Kh2 Bc8 45. Nf5 Rxb3 46. Re7+ Kg6
47. Nxh4+ Kg5 48. Ng2 a5 49. Rg7+ Kf6 50. Rg8 Be6 51. g5+ Ke5 52. Rg7 Bxc4 53.
Nh4 Kf4 54. g6 Kg4 55. Ng2 Bd5 56. Rd7 Rh3+ 57. Kg1 Rg3 58. g7 Rxg2+ 59. Kh1
Kf4 60. Rxd5 Rxg7 0-1

[Event "NED-ch 1988"]
[Site "Hilversum"]
[Date "1988.??.??"]
[Round "?"]
[White "De Boer, Gert Jan"]
[Black "Van der Sterren, Paul"]
[Result "0-1"]
[WhiteElo "2390"]
[BlackElo "2470"]
[PlyCount "142"]
[EventDate "1988.06.??"]
[Source "ChessBase"]
[SourceDate "1996.11.15"]

1. d4 d5 2. c4 dxc4 3. Nf3 Nf6 4. Qa4+ c6 5. Qxc4 Bf5 6. Nc3 e6 7. g3 Nbd7 8.
Bg2 Be7 9. O-O O-O 10. Bf4 h6 11. Rac1 Qb6 12. Na4 Qa5 13. Qb3 Rfd8 14. Rfd1
Nb6 15. Nc3 Qb4 16. Qxb4 Bxb4 17. Ne5 g5 18. Be3 Ng4 19. Nxg4 Bxg4 20. Rc2 Bxc3
21. bxc3 Bf5 22. Rcc1 Nc4 23. Bd2 Nb2 24. Rf1 e5 25. Be1 Nc4 26. dxe5 g4 27. f3
Ne3 28. Rf2 Nd1 29. Rf1 Ne3 30. Rf2 Rd1 31. Rxd1 Nxd1 32. Rf1 Ne3 33. Rf2 Nd1
34. Rf1 Ne3 35. Rf2 Rd8 36. fxg4 Be6 37. Rf4 Rd1 38. Be4 Nxg4 39. Rf1 Ne3 40.
Rf3 Ng4 41. Rf1 Ne3 42. Rf4 Bh3 43. Rh4 Ng4 44. Rxh3 Rxe1+ 45. Kg2 Rxe2+ 46.
Kf3 Rxe4 47. Rh4 Rxe5 48. Rxg4+ Kf8 49. Rb4 b6 50. Ra4 a5 51. Rc4 Re6 52. Rd4
Ke7 53. Rd2 Re5 54. Kf4 Rc5 55. Rd3 Ke6 56. Kg4 b5 57. Kh4 Rd5 58. Re3+ Re5 59.
Rd3 Re2 60. h3 Rxa2 61. Kh5 a4 62. Kxh6 a3 63. h4 Rg2 64. h5 a2 65. Rd1 Rxg3
66. Ra1 Rg2 67. Kh7 c5 68. h6 b4 69. cxb4 cxb4 70. Kh8 b3 71. h7 Rh2 0-1

[Event "NED-ch 1988"]
[Site "Hilversum"]
[Date "1988.??.??"]
[Round "?"]
[White "De Boer, Gert Jan"]
[Black "Van der Wiel, John"]
[Result "0-1"]
[WhiteElo "2390"]
[BlackElo "2555"]
[PlyCount "122"]
[EventDate "1988.06.??"]
[Source "ChessBase"]
[SourceDate "1996.11.15"]

1. d4 Nf6 2. c4 e6 3. Nf3 b6 4. g3 Ba6 5. Nbd2 Bb4 6. Qc2 Bb7 7. Bg2 Be4 8. Qb3
Bxd2+ 9. Bxd2 O-O 10. O-O d6 11. Rfd1 Nbd7 12. Rac1 h6 13. Qa3 a5 14. b3 Qe7
15. Ne5 Bxg2 16. Kxg2 Nc5 17. Nf3 Nce4 18. Be1 Nh7 19. Qa4 f5 20. Qc6 Nhf6 21.
Nd2 Qf7 22. f3 Nxd2 23. Bxd2 Qd7 24. Qxd7 Nxd7 25. Be3 e5 26. dxe5 Nxe5 27. Bd4
Nc6 28. Bc3 Rae8 29. Re1 Re3 30. Bd2 Re6 31. e4 fxe4 32. Rxe4 Rxe4 33. fxe4 Ne5
34. Bc3 Ng4 35. Bd4 Re8 36. Re1 Kf7 37. h3 Ne5 38. Bxe5 Rxe5 39. Kf3 Ke6 40.
Rd1 c6 41. h4 Rc5 42. Rc1 b5 43. Ke3 a4 44. Kd4 b4 45. a3 bxa3 46. b4 Re5 47.
Kd3 d5 48. exd5+ cxd5 49. c5 Re4 50. c6 a2 51. b5 Rb4 52. c7 Rc4 53. Re1+ Kd7
54. b6 Rc6 55. Ra1 Rxb6 56. Rxa2 Rb4 57. Rc2 Rc4 58. Rf2 Rg4 59. Rf7+ Kc8 60.
Kc2 Rxg3 61. Kb2 d4 0-1

[Event "NED-ch 1988"]
[Site "Hilversum"]
[Date "1988.??.??"]
[Round "?"]
[White "De Boer, Gert Jan"]
[Black "Vanheste, Jeroen"]
[Result "1/2-1/2"]
[WhiteElo "2390"]
[BlackElo "2370"]
[PlyCount "29"]
[EventDate "1988.06.??"]
[Source "ChessBase"]
[SourceDate "1996.11.15"]

1. d4 Nf6 2. c4 g6 3. Nc3 d5 4. cxd5 Nxd5 5. e4 Nxc3 6. bxc3 Bg7 7. Be3 c5 8.
Rc1 Qa5 9. Qd2 cxd4 10. cxd4 Qxd2+ 11. Kxd2 O-O 12. Bb5 Nc6 13. Nf3 f5 14. exf5
Rxf5 15. Bxc6 1/2-1/2

[Event "NED-ch 1988"]
[Site "Hilversum"]
[Date "1988.??.??"]
[Round "?"]
[White "Douven, Rudy"]
[Black "Cuijpers, Frans"]
[Result "1-0"]
[WhiteElo "2410"]
[BlackElo "2420"]
[PlyCount "71"]
[EventDate "1988.06.??"]
[Source "ChessBase"]
[SourceDate "1996.11.15"]

1. d4 Nf6 2. c4 c6 3. Nc3 d5 4. e3 a6 5. Nf3 b5 6. cxd5 cxd5 7. Bd3 e6 8. Ne5
Bd6 9. f4 Bb7 10. O-O Nbd7 11. Bd2 O-O 12. Be1 Ne4 13. Qf3 f5 14. Ne2 Rc8 15.
g4 Bxe5 16. fxe5 Qg5 17. h4 Qxg4+ 18. Qxg4 fxg4 19. Nf4 Rfe8 20. Be2 g3 21. Bd3
Nf8 22. Kg2 Re7 23. Bb4 Rf7 24. Bxf8 Rcxf8 25. Bxe4 dxe4 26. Kxg3 Bd5 27. Rfc1
g6 28. Rc5 h6 29. Kg4 Rf5 30. b3 h5+ 31. Kg3 g5 32. hxg5 Rxg5+ 33. Kh2 Kh7 34.
Rg1 Kh6 35. Rxg5 Kxg5 36. Rxd5 1-0

[Event "NED-ch 1988"]
[Site "Hilversum"]
[Date "1988.??.??"]
[Round "?"]
[White "Douven, Rudy"]
[Black "De Boer, Gert Jan"]
[Result "1/2-1/2"]
[WhiteElo "2410"]
[BlackElo "2390"]
[PlyCount "59"]
[EventDate "1988.06.??"]
[Source "ChessBase"]
[SourceDate "1996.11.15"]

1. d4 Nf6 2. c4 g6 3. Nc3 d5 4. cxd5 Nxd5 5. e4 Nxc3 6. bxc3 Bg7 7. Bc4 O-O 8.
Ne2 b6 9. O-O Bb7 10. Qd3 a6 11. a3 Nd7 12. Bg5 b5 13. Qb1 c5 14. Bd3 cxd4 15.
cxd4 Nc5 16. Rd1 Nxd3 17. Qxd3 Qd7 18. f3 Rac8 19. Rac1 e6 20. Bd2 f5 21. Bb4
fxe4 22. fxe4 Rxc1 23. Rxc1 Rc8 24. Bc5 Bh6 25. Rc2 Qc6 26. Nc3 Rd8 27. Qh3 Bg7
28. Qe3 Rc8 29. Rf2 Qe8 30. h3 1/2-1/2

[Event "NED-ch 1988"]
[Site "Hilversum"]
[Date "1988.??.??"]
[Round "?"]
[White "Douven, Rudy"]
[Black "Pieterse, Gert"]
[Result "1/2-1/2"]
[WhiteElo "2410"]
[BlackElo "2400"]
[PlyCount "57"]
[EventDate "1988.06.??"]
[Source "ChessBase"]
[SourceDate "1996.11.15"]

1. d4 Nf6 2. c4 g6 3. Nc3 Bg7 4. e4 d6 5. Be2 O-O 6. Nf3 e5 7. O-O Nc6 8. d5
Ne7 9. Ne1 Nd7 10. Nd3 f5 11. Bd2 fxe4 12. Nxe4 Nf6 13. f3 Nf5 14. Ndf2 Nxe4
15. Nxe4 c5 16. Bg5 Qc7 17. Bd3 Bh6 18. Bxh6 Nxh6 19. Qd2 Nf7 20. g4 Qe7 21. a3
a5 22. h3 Bd7 23. b3 Kg7 24. Rae1 Qh4 25. Kg2 h5 26. Qf2 Qe7 27. Qd2 Qh4 28.
Qf2 Qe7 29. Qd2 1/2-1/2

[Event "NED-ch 1988"]
[Site "Hilversum"]
[Date "1988.??.??"]
[Round "?"]
[White "Douven, Rudy"]
[Black "Van der Wiel, John"]
[Result "1/2-1/2"]
[WhiteElo "2410"]
[BlackElo "2555"]
[PlyCount "107"]
[EventDate "1988.06.??"]
[Source "ChessBase"]
[SourceDate "1996.11.15"]

1. d4 Nf6 2. c4 c5 3. d5 g6 4. Nc3 Bg7 5. e4 O-O 6. Nf3 d6 7. h3 a6 8. a4 e6 9.
Bd3 exd5 10. exd5 Re8+ 11. Be3 Nbd7 12. O-O Nh5 13. Bg5 f6 14. Bd2 f5 15. Re1
Rxe1+ 16. Qxe1 Ne5 17. Be2 Nf7 18. Qd1 Bd7 19. Qb3 Rb8 20. a5 Bh6 21. Bxh6 Nxh6
22. Qd1 Nf7 23. Qd2 Ng7 24. Na4 b5 25. axb6 Bxa4 26. Rxa4 Qxb6 27. Ra2 Ne8 28.
Qc3 Qb4 29. Qxb4 Rxb4 30. Nd2 Nf6 31. b3 Rb6 32. f4 h5 33. g3 Nh6 34. Bd1 Kg7
35. Kg2 Nhg8 36. Bc2 Ne8 37. Ra1 Nc7 38. Kf3 Nf6 39. Nf1 Rb8 40. Ne3 Kf7 41.
Rg1 Rh8 42. Ke2 Re8 43. Kf3 Rh8 44. Rg2 Nce8 45. Ke2 Nc7 46. g4 hxg4 47. hxg4
Nxg4 48. Nxg4 fxg4 49. Rxg4 Rh2+ 50. Kd1 Rh6 51. Kc1 Rh1+ 52. Kb2 Rh2 53. Kc3
Rh3+ 54. Kb2 1/2-1/2